Dynamics of Corynespora leaf fall and Colletotrichum leaf spot diseases of rubber plants (Hevea brasiliensis) (Record no. 57488)
[ view plain ]
| 000 -LEADER | |
|---|---|
| fixed length control field | 02009nam a2200229Ia 4500 |
| 100 ## - MAIN ENTRY--AUTHOR NAME | |
| Personal name | Manju M J |
| 245 #0 - TITLE STATEMENT | |
| Title | Dynamics of Corynespora leaf fall and Colletotrichum leaf spot diseases of rubber plants (Hevea brasiliensis) |
| 260 ## - PUBLICATION, DISTRIBUTION, ETC. (IMPRINT) | |
| Name of publisher | Journal of Mycology and Plant Pathology |
| Year of publication | 2014 |
| 300 ## - PHYSICAL DESCRIPTION | |
| Number of Pages | 108-112 |
| 500 ## - GENERAL NOTE | |
| General note | Source Year: 2014 |
| 520 ## - SUMMARY, ETC. | |
| Summary, etc | A field study was carried out to understand the dynamic nature of two major leaf diseases, Corynespora leaf fall (CLF) and Colletotrichum leaf spot (CLS) of rubber plants (Hevea brasiliensis). These diseases appeared regularly in the rubber plantations and caused more damages to younger leaves. Fresh infection of CLF disease was observed in the plantation from the second fortnight of January during the period of refoliation and the disease intensity was maximum from the second fortnight of March to the first fortnight of April. The disease decreased considerably after the onset of rains and remained mild until the next reflushing season. The disease decreased considerably after the onset of rains and remained mild until the next reflushing season. The disease intensity was limited to refoliation period after the annual wintering and warm humid periods only. The CLS disease was present throughout the year in the plantation at all the stages of leaves. However, the disease intensity was mainly confined to younger plantations. The disease was found to establish with the refoliation and became more severe during the rainy season and warm humid months. Unlike CLF, this disease dis not cause considerable economic damage to mature rubber, but it is a serious problems in nurseries and for very young rubber plants in the main field. |
| 650 ## - SUBJECT ADDED ENTRY--TOPICAL TERM | |
| Topical Term | Colletotrichum leaf spot |
| 650 ## - SUBJECT ADDED ENTRY--TOPICAL TERM | |
| Topical Term | Corynespora leaf fall |
| 650 ## - SUBJECT ADDED ENTRY--TOPICAL TERM | |
| Topical Term | Rubber plants |
| 700 ## - ADDED ENTRY--PERSONAL NAME | |
| Personal name | Benagi V I |
| 700 ## - ADDED ENTRY--PERSONAL NAME | |
| Personal name | Jacob C K |
| 700 ## - ADDED ENTRY--PERSONAL NAME | |
| Personal name | Shankarappa T H |
| 700 ## - ADDED ENTRY--PERSONAL NAME | |
| Personal name | Vinod K K |
| 856 ## - ELECTRONIC LOCATION AND ACCESS | |
| Uniform Resource Identifier | Online copy |
| 942 ## - ADDED ENTRY ELEMENTS (KOHA) | |
| Koha item type | Journals |
| Withdrawn status | Lost status | Damaged status | Not for loan | Home library | Current library | Shelving location | Date acquired | Serial Enumeration / chronology | Koha item type |
|---|---|---|---|---|---|---|---|---|---|
| Journals | RRII Library | RRII Library | Pathology | 10/09/2014 | Volume 44, Issue 1 | Journals |